| Tag |
First Indicator |
Second Indicator |
Subfields |
| LEADER |
00000nam a2200000 i 4500 |
| 001 |
in00004088821 |
| 005 |
20191030143554.0 |
| 006 |
m o d f |
| 007 |
cr ||||||||||| |
| 008 |
150710e201205 mdua obt f000 0 eng c |
| 035 |
|
|
|a (OCoLC)ocn872713446
|
| 042 |
|
|
|a pcc
|
| 040 |
|
|
|a DTICE
|b eng
|e rda
|e pn
|c DTICE
|d OCLCQ
|d GPO
|d MvI
|
| 049 |
|
|
|a WWW
|
| 074 |
|
|
|a 0324-A-07 (online)
|
| 086 |
0 |
|
|a D 101.133/6:692
|
| 088 |
|
|
|a ARL-CR-692
|
| 100 |
1 |
|
|a Burns, Bruce P.,
|e author.
|
| 245 |
1 |
0 |
|a Recoil considerations for shoulder-fired weapons /
|c Bruce P. Burns.
|
| 264 |
|
1 |
|a Aberdeen Proving Ground, MD :
|b US Army Research Laboratory,
|c May 2012.
|
| 300 |
|
|
|a 1 online resource (28 unnumbered pages) :
|b illustrations
|
| 336 |
|
|
|a text
|b txt
|2 rdacontent
|
| 337 |
|
|
|a computer
|b c
|2 rdamedia
|
| 338 |
|
|
|a online resource
|b cr
|2 rdacarrier
|
| 500 |
|
|
|a "May 2012."
|
| 500 |
|
|
|a "ARL-CR-692."
|
| 500 |
|
|
|a text/html
|
| 504 |
|
|
|a Includes bibliographical references (pages 14-15).
|
| 513 |
|
|
|a Final;
|b October 2011-March 2012.
|
| 536 |
|
|
|f 62616AH80
|
| 588 |
|
|
|a Description based on online resource; title from PDF title page (DTIC.MIL website, viewed September 18, 2019).
|
| 650 |
|
0 |
|a Rifles.
|
| 650 |
|
0 |
|a Ballistics, Interior.
|
| 650 |
|
0 |
|a Muzzles (Firearms)
|
| 710 |
2 |
|
|a U.S. Army Research Laboratory,
|e issuing body.
|
| 856 |
4 |
0 |
|u https://purl.fdlp.gov/GPO/gpo125822
|t 0
|
| 999 |
f |
f |
|s 36ce142f-bb18-3cea-9a45-28cd50dc51b8
|i 514de75b-ff7b-3012-9e9d-6a5b47d77234
|t 0
|
| 952 |
f |
f |
|a Texas A&M University
|b College Station
|c Electronic Resources
|d Available Online
|t 0
|e D 101.133/6:692
|h Superintendent of Documents classification
|
| 998 |
f |
f |
|a D 101.133/6:692
|t 0
|l Available Online
|